Lord of the Rings - Fathers and Sons - Statistics

General Stats
  • This quiz has been taken 898 times
  • The average score is 10 of 14
Answer Stats
Character(s) Son of % Correct
Boromir, Faramir Denethor II
96%
Gimli Gloin
96%
Theodred Theoden
93%
Aragorn II Arathorn II
92%
Legolas Thranduil
85%
Elladan, Elrohir Elrond
77%
Isildur Elendil
74%
Samwise Gamgee Hamfast 'Gaffer' Gamgee
73%
Frodo Baggins Drogo Baggins
65%
Denethor II Ecthelion II
52%
Elrond Eärendil
49%
Theoden Thengel
46%
Eomer Eomund
43%
Peregrin Took Paladin Took II
39%
No matching quizzes found
Score Distribution
Percent of People with Each Score
Percentile by Number Answered
Your Score History
You have not taken this quiz